Catálogo
 En Linea

América : (Registro nro. 40494)

Detalles MARC
000 -CABECERA
campo de control de longitud fija 00753nam a2200193 a 4500
001 - NÚMERO DE CONTROL
campo de control 000041004
005 - FECHA Y HORA DE LA ÚLTIMA TRANSACCIÓN
campo de control 20201002034538.0
008 - DATOS DE LONGITUD FIJA--INFORMACIÓN GENERAL
campo de control de longitud fija 130913s2008 sp abf r 000 0 spa d
040 ## - FUENTE DE LA CATALOGACIÓN
Centro catalogador/agencia de origen DO-SdBNP
Lengua de catalogación spa
Centro/agencia transcriptor BNPHU
082 ## - NÚMERO DE LA CLASIFICACIÓN DECIMAL DEWEY
Número de clasificación xxxx
Número de documento/Ítem xxxx
245 00 - MENCIÓN DE TÍTULO
Título América :
Resto del título contacto e independencia. /
Mención de responsabilidad, etc. editores, María Cristina Mineiro Scatamacchia, Francisco Enriquez Solano.
260 ## - PUBLICACIÓN, DISTRIBUCIÓN, ETC.
Lugar de publicación, distribución, etc. Madrid :
Nombre del editor, distribuidor, etc. Centro Nacional de Información Geográfica,
Fecha de publicación, distribución, etc. 2008.
300 ## - DESCRIPCIÓN FÍSICA
Extensión 388 p :
Otras características físicas il., map. lam. ;
Dimensiones 31 cm.
546 ## - NOTA DE LENGUA/LENGUAJE
Nota de lengua/lenguaje Textos en español, inglés y portugués
504 ## - NOTA DE BIBLIOGRAFÍA, ETC.
Nota de bibliografía, etc. Incluye referencias bibliográficas
590 ## - NOTA LOCAL (RLIN)
Nota local Inventariado, 2019/BT
700 1# - PUNTO DE ACCESO ADICIONAL--NOMBRE DE PERSONA
Nombre de persona Mineiro Scatamacchia, María Cristina,
Término indicativo de función/relación ed.
9 (RLIN) 67449
700 1# - PUNTO DE ACCESO ADICIONAL--NOMBRE DE PERSONA
Nombre de persona Solano, Francisco Enriquez,
Término indicativo de función/relación ed.
9 (RLIN) 67450
Existencias
Estado de retiro Estado de pérdida Restricciones de uso No para préstamo Código de colección Localización permanente Ubicación/localización actual Ubicación en estantería Fecha de adquisición Número de inventario Total de préstamos Signatura topográfica completa Código de barras Fecha visto por última vez Precio válido a partir de Tipo de ítem Koha
      Excluido de préstamo Monografías: Libros y Folletos General General Depósito 13.09.2013 LF1   xxxx xxxx 41004-10 25.06.2020 25.06.2020 No se presta

Con tecnología Koha